000 00632cam a2200205 4500
001 J105444
008 000000n2001 000 0 eng u
035 _a(Sirsi) u105444
050 _a306.1
110 _aCentre for Economics and Business Research
_93865
245 _aHousing futures 2010 : a cebr research report.
260 _aLondon
_bCEBR
_c2001
520 _aReplaces the business forecasts for the UK housing sector formerly published by James Morrell q.v.
650 _aFORECASTS
650 _aHOUSING MARKET
650 _aHOUSE PRICES
650 _aHOUSING STATISTICS
650 _aHOUSING-MARKET
942 _n0
999 _c100396
_d100396